000
00332nam a2200133Ia 4500
008
191201s2004 xx 000 0 und d
082
_a
006.3
_b
COE
100
_a
COHEN, Paul R
245
0
_a
Empirical Methods for Artificial Intelligence
260
_a
N.Delhi
_b
PHI
_c
2004
300
_a
405
650
_a
B.Tech(CSE)
942
_2
ddc
_c
BK
999
_c
1841
_d
1841